Deux premières lettres de capitales les plus courantes - Statistiques

Statistiques générales
  • Ce quiz a été pris 81 fois
  • Le résultat moyen est 17 sur 25
Statistiques - réponses
Nombre Début Exemples % Correct
4 Pa Palikir, Panama, Paris...
94%
10 Ma Madrid, Managua, Mascate...
92%
5 Be Belgrade, Berlin, Beyrouth...
89%
4 Li Libreville, Lima, Lisbonne...
85%
6 Mo Mogadiscio, Monaco, Montevideo...
83%
3 An Andorre-la-Vieille, Ankara, Antananarivo
82%
10 Sa Saint John's, Sanaa, Sarajevo...
82%
5 Br Brasilia, Brazzaville, Bruxelles...
80%
3 Ca Canberra, Caracas, Castries
80%
3 La La Havane, La Paz, La Valette
80%
3 Bu Bucarest, Budapest, Buenos Aires
77%
8 Ba Bagdad, Bamako, Bangkok...
75%
4 Vi Victoria, Vienne, Vientiane...
75%
4 Ta Tachkent, Taipei, Tarawa...
66%
3 Va Vaduz, Varsovie, Vatican
66%
3 Da Dacca, Dakar, Damas
65%
3 Lu Luanda, Lusaka, Luxembourg
65%
3 Na Nairobi, Nassau, Naypyidaw
59%
4 Pr Prague, Praia, Pristina...
59%
7 Po Podgorica, Port Moresby, Porto-Novo...
58%
3 Do Dodoma, Doha, Douchanbé
56%
5 Ki Kiev, Kingston, Kinshasa...
48%
3 As Asmara, Asuncion, Athènes
46%
3 Ka Kaboul, Kampala, Katmandou
44%
3 Ya Yamoussoukro, Yaoundé, Yaren
23%
Aucun quiz correspondant
Distribution des résultats
% des personnes avec chaque résultat
Percentile par nombre de réponses
Votre historique - résultats
Vous n’avez pas pris ce quiz